000
00311nam a2200133Ia 4500
100
_a
Parzen Emanuel
942
_c
BK
654
_a
Probablity Theory
245
_a
Modern Probablity theory & its Applications
260
_b
Wiley Eastern Pvt. Ltd
_c
2001
082
_a
519.2
300
_a
464
546
_a
ENGLISH
999
_c
21831
_d
21831